Copa America Nations by their Lineup - Statistics

General Stats
  • This quiz has been taken 62 times
  • The average score is 10 of 10
Answer Stats
Picture Answer % Correct
Argentina
100%
Peru
100%
Uruguay
100%
Brazil
98%
Chile
98%
Colombia
98%
Ecuador
96%
Paraguay
94%
Venezuela
89%
Bolivia
87%
No matching quizzes found
Score Distribution
Percent of People with Each Score
Percentile by Number Answered
Your Score History
You have not taken this quiz